|
|
|
|
| LEADER |
01037pam a22002778a 4500 |
| 001 |
00044919 |
| 005 |
20191016161052.0 |
| 008 |
161209s2014 ||||||Chisd |
| 020 |
# |
# |
|a 9786046235590
|c 95000
|
| 041 |
0 |
# |
|a Chi-Vie
|
| 082 |
1 |
4 |
|a 428
|b M558PH
|
| 100 |
1 |
# |
|a Nguyễn, Thu Huyền
|e Chủ biên
|
| 245 |
1 |
0 |
|a 10 phút tự học tiếng Anh mỗi ngày
|c Nguyễn Thu Huyền (ch.b); Mỹ Hương, Ngọc Mai (h.đ)
|
| 246 |
# |
# |
|a 10 minutes for everyday self-study English
|
| 260 |
# |
# |
|b Đại học Quốc gia Hà Nội
|c 2017
|a Hà Nội
|
| 300 |
# |
# |
|a 317 tr.
|c 20 cm.
|
| 490 |
# |
# |
|a Tủ sách giúp học tốt tiếng Anh: TheWindy
|
| 653 |
# |
# |
|a Ngôn ngữ
|
| 653 |
# |
# |
|a Thực hành
|
| 653 |
# |
# |
|a Tiếng Anh
|
| 653 |
# |
# |
|a Tự học
|
| 700 |
1 |
# |
|a Mỹ, Hương
|e Hiệu đính
|
| 700 |
1 |
# |
|a Ngọc, Mai
|e Hiệu đính
|
| 852 |
# |
# |
|j KD.0026339
|j KM.0033851
|
| 910 |
# |
# |
|d 16/10/2019
|
| 980 |
# |
# |
|a Trung tâm Học liệu Lê Vũ Hùng, Trường Đại học Đồng Tháp
|